Les pays commencant par la lettre "I" - Statistiques

Statistiques générales
  • Ce quiz a été pris 528 fois
  • Le résultat moyen est 7 sur 8
Statistiques - réponses
Continent Pays % Correct
Asie Inde
94%
Asie Indonésie
93%
Europe Irlande
93%
Europe Italie
93%
Europe Islande
92%
Asie Irak
88%
Asie Iran
88%
Asie Israel
73%
Aucun quiz correspondant
Distribution des résultats
% des personnes avec chaque résultat
Percentile par nombre de réponses
Votre historique - résultats
Vous n’avez pas pris ce quiz